000 00943nam a2200289Ia 4500
005 20260324115343.0
008 008 260324s9999 xx 000 0 eng d
020 _a9780429505645
037 _aEBOOK
040 _aCRL
040 _beng
040 _cCRL
041 _2eng
041 _aeng
084 _qCRL
100 _aSoňa Molčíková; Viera Hurčíková; Vladislava Zelizňaková; Peter Blišt'an
_91154335
245 0 _aAdvances and Trends in Geodesy, Cartography and Geoinformatics
245 0 _bProceedings of the 10th International Scientific and Professional Conference on Geodesy, Cartography and Geoinformatics (GCG 2017), October 10-13, 2017, Demänovská Dolina, Low Tatras, Slovakia
260 _bTaylor and Francis
260 _c2018
365 _a
365 _b305
856 _uhttp://www.taylorfrancis.com/books/9780429505645
942 _cEBOOK
999 _c1745161
_d1745161